000 00755nam a2200229 a 4500
001 3529904
005 20180223082528.0
008 960213s1995 gaua b 001 0 eng
010 _a 96114926
020 _a0915099683
040 _aDLC
_cDLC
041 _aeng
080 _a616.13206 FC
082 0 0 _a616.13206 FC
_220
100 _a3
101 _aSHM
245 0 0 _aHigh blood pressure lowered naturally :
_cby the editors of FC&A ; [editors, Linda M. Sciullo and Sherryl D. Wade].
504 _aIncludes bibliographical references (p. [517]-536) and index.
906 _a7
_bcbc
_corignew
_d2
_encip
_f19
_gy-gencatlg
942 _2ddc
_cBK
999 _c43305
_d43305